[Event "Let's Play Chess!"]
[Site "http://www.queenalice.com/game.php?id=1611193"]
[Date "2020.5.7"]
[Round "-"]
[White "jocachess"]
[Black "attib"]
[Result "1-0"]
[WhiteElo "1704"]
[BlackElo "1643"]

1. e4 e5 2. Nf3 Nc6 3. Bc4 h6 4. c3 Bc5 5. O-O Nf6 6. d3 d6 7. h3 Bd7 8. Bb3 O-O
9. Re1 Nh5 10. a4 Qf6 11. Be3 Nf4 12. Bxf4 exf4 13. Nbd2 Ne5 14. d4 Nxf3+ 15.
Nxf3 Bb6 16. e5 Qg6 17. Bc2 Bf5 18. Bxf5 Qxf5 19. a5 Bxd4 20. Nxd4 Qg6 21. e6
fxe6 22. Rxe6 Qg5 23. Qb3 Rab8 24. Rg6+ 1-0

[Event "Let's Play Chess!"]
[Site "http://www.queenalice.com/game.php?id=1611343"]
[Date "2020.5.8"]
[Round "-"]
[White "jocachess"]
[Black "Useless"]
[Result "0-1"]
[WhiteElo "1701"]
[BlackElo "1688"]

1. e4 e5 2. Nf3 Nc6 3. Bc4 h6 4. d3 Bc5 5. c3 d6 6. O-O Nf6 7. Re1 Ng4 8. d4 Bb6
9. Qa4 O-O 10. Na3 exd4 11. Nxd4 Nxd4 12. Bxf7+ Rxf7 13. cxd4 Nxf2 14. Qc4 Qh4
15. g3 Qh3 16. Be3 Ng4 17. Rf1 Qxh2# 0-1

[Event "Let's Play Chess!"]
[Site "http://www.queenalice.com/game.php?id=1611345"]
[Date "2020.5.8"]
[Round "-"]
[White "jocachess"]
[Black "paolop69"]
[Result "0-1"]
[WhiteElo "1718"]
[BlackElo "1685"]

1. e4 e5 2. Nf3 d6 3. Bc4 h6 4. d3 a6 5. c3 Be7 6. O-O Bf6 7. Re1 Ne7 8. Nbd2 b5
9. Bb3 Be6 10. Bc2 Bg4 11. h3 Bh5 12. Nf1 Ng8 13. Ng3 Bg6 14. d4 Bh4 15. Nh5
Bxh5 16. Qd3 Bxf3 17. Qxf3 Bg5 18. Bd3 Bxc1 19. Raxc1 Qf6 20. Qe3 Qg5 21. Qe2
Nf6 22. c4 Qh5 23. Qc2 Qg6 24. dxe5 dxe5 25. cxb5 axb5 26. Qxc7 Nbd7 27. Bxb5
O-O 28. f3 Qg5 29. Rcd1 Rac8 30. Qd6 Rfd8 31. a4 Nc5 32. Qb6 Rxd1 33. Rxd1 Qe3+
34. Kh1 Qb3 35. Ba6 Qxb6 36. Bxc8 Nxa4 37. Rd5 Nxd5 0-1

[Event "Let's Play Chess!"]
[Site "http://www.queenalice.com/game.php?id=1611427"]
[Date "2020.5.9"]
[Round "-"]
[White "jocachess"]
[Black "Lintz"]
[Result "0-1"]
[WhiteElo "1648"]
[BlackElo "1773"]

1. e4 c5 2. Nf3 d6 3. Bc4 Nf6 4. d3 Nc6 5. c3 e5 6. O-O Be7 7. Re1 O-O 8. Nbd2
a6 9. Nf1 Be6 10. Bxe6 fxe6 11. h3 Qe8 12. c4 Qf7 13. Bg5 h6 14. Bd2 d5 15. b3
dxc4 16. bxc4 Bd6 17. Rb1 a5 18. a3 Nd4 19. Nxd4 cxd4 20. a4 Bc5 21. Rb5 b6 22.
Qc1 Nh7 23. f3 g5 24. Nh2 Qg7 25. g4 Nf6 26. Re2 Ne8 27. Be1 Nc7 28. Rbb2 Na6
29. Nf1 Nb4 30. Bxb4 axb4 31. Qa1 Qa7 32. Nh2 Qxa4 33. Ra2 Qe8 34. Ra6 Qc8 35.
Rea2 Rxa6 36. Rxa6 Qb7 37. Nf1 Rf7 38. Ng3 Rxf3 39. Ra7 Qc6 40. Qa6 Rxg3+ 41.
Kh2 Rf3 42. Rb7 Qe8 43. Qa7 Rf7 44. Rb8 Rxa7 45. Rxe8+ Kg7 46. Rxe6 b3 47. Rxe5
b2 48. Rf5 b1=Q 49. e5 Qxd3 50. e6 Ra2+ 0-1

[Event "Let's Play Chess!"]
[Site "http://www.queenalice.com/game.php?id=1611515"]
[Date "2020.5.10"]
[Round "-"]
[White "jocachess"]
[Black "charles31"]
[Result "0-1"]
[WhiteElo "1684"]
[BlackElo "1636"]

1. e4 e5 2. Nf3 d6 3. Bc4 a6 4. Bb3 Nc6 5. c3 Bg4 6. h3 Bh5 7. d3 h6 8. Nbd2 Nf6
9. Nc4 g5 10. Ne3 Na7 11. Nf5 Bg6 12. d4 Nxe4 13. Ng3 Nxg3 14. fxg3 exd4 15.
Qxd4 Rg8 16. O-O Qd7 17. Re1+ Be7 18. Qe3 Nc6 19. a3 Rf8 20. Bd5 Bf5 21. g4 Bg6
22. b4 f5 23. Kf2 fxg4 24. Be6 Qd8 25. Bxg4 Rf7 26. Be6 Rf6 27. Bb3 Ne5 28. Bd1
Nxf3 29. Bxf3 c6 30. c4 h5 31. Qxg5 Kd7 32. c5 Rxf3+ 33. gxf3 Bxg5 0-1

[Event "Let's Play Chess!"]
[Site "http://www.queenalice.com/game.php?id=1611532"]
[Date "2020.5.11"]
[Round "-"]
[White "jocachess"]
[Black "igorjava"]
[Result "0-1"]
[WhiteElo "1635"]
[BlackElo "1927"]

1. e4 c5 2. Nf3 d6 3. Bc4 Nf6 4. d3 Nc6 5. c3 Bg4 6. h3 Bxf3 7. gxf3 a6 8. d4 b5
9. Bb3 c4 10. Bc2 e5 11. d5 Nb8 12. Rg1 Nbd7 13. a4 Qa5 14. b4 cxb3 15. Bxb3 b4
16. c4 Nc5 17. Qc2 Qb6 18. a5 Qc7 19. Bd2 Rb8 20. Bg5 Be7 21. Ba4+ Nxa4 22. Rxa4
h6 23. Bh4 g5 24. Bg3 Qc5 25. Nd2 Nh5 26. Rg2 Kd7 27. Nb3 Qc7 28. Qd2 Qxc4 29.
Nc1 Qb5 30. Ra1 Rhc8 31. Nb3 Rc3 32. Rc1 Qc4 33. Rxc3 bxc3 34. Qe2 Qxe2+ 35.
Kxe2 Rxb3 36. Kd1 Rb2 37. Kc1 Bd8 38. Rg1 Bxa5 39. Rd1 Bb4 0-1

[Event "AUTO-ADV-4345"]
[Site "http://www.queenalice.com/game.php?id=1612605"]
[Date "2020.5.17"]
[Round "1"]
[White "NickThorp"]
[Black "jocachess"]
[Result "0-1"]
[WhiteElo "1692"]
[BlackElo "1637"]

1. e4 c5 2. Nf3 d6 3. Bb5+ Nc6 4. d3 a6 5. Bxc6+ bxc6 6. Bf4 Nf6 7. Nc3 Rb8 8.
Na4 g6 9. O-O Bg7 10. c4 Nh5 11. Qd2 Nxf4 12. Qxf4 O-O 13. b3 Bxa1 14. Rxa1 e5
15. Qe3 f5 16. exf5 Rxf5 17. Nc3 Rf4 18. Ne2 Rf6 19. h3 d5 20. Qxe5 Qd6 21. Qe8+
Rf8 22. Qe3 d4 23. Qh6 Rf5 24. Ng5 Qf6 25. Qxh7+ Kf8 26. h4 Rb7 27. Qh6+ Ke7 28.
Ng3 Re5 29. N3e4 Qf5 30. Qg7+ Kd8 31. Qh8+ Re8 32. Qh6 Rbe7 33. Re1 Rf8 34. Re2
Qd7 35. Qxf8+ Kc7 36. Nxc5 Qd6 37. Nge6+ Bxe6 38. Nxa6+ Kb7 39. c5 Qd7 40. Nb8
Qe8 41. Qxe8 Rxe8 42. Nxc6 Kxc6 43. b4 Kd7 44. a3 Bf5 45. Rd2 Rh8 46. g3 Ra8 47.
Ra2 Bxd3 48. f4 Bc4 49. Rc2 Bb5 50. Rd2 d3 51. Kf2 Rxa3 52. Ke3 Ra4 53. Rb2 Ke6
54. g4 Ra1 55. h5 Re1+ 56. Kd4 Rg1 57. c6 Rxg4 58. Kc5 Ba6 59. b5 Bc8 60. Rd2
Rg3 61. hxg6 Kf6 62. f5 Bxf5 63. c7 Re3 64. b6 Re5+ 65. Kc6 Re6+ 66. Kb7 Be4+
67. Kb8 Rxb6+ 68. Ka7 Rb7+ 69. Ka6 Rxc7 70. Kb6 Rc2 71. g7 Kxg7 72. Rxd3 Bxd3
73. Kb7 Rc4 74. Kb6 Kf7 75. Kb5 Ke7 76. Kb6 Kd6 77. Kb5 Kd5 78. Kb6 Rc5 79. Kb7
Rc6 80. Kb8 Kd6 81. Kb7 Kd7 82. Kb8 Rc8+ 83. Kb7 Rc6 84. Kb8 Rb6+ 85. Ka7 Kc7
86. Ka8 Be4+ 87. Ka7 Bf5 88. Ka8 Bc8 89. Ka7 Ra6# 0-1

[Event "AUTO-ADV-4345"]
[Site "http://www.queenalice.com/game.php?id=1612606"]
[Date "2020.5.17"]
[Round "1"]
[White "jocachess"]
[Black "NickThorp"]
[Result "1-0"]
[WhiteElo "1631"]
[BlackElo "1653"]

1. e4 e5 2. Nf3 Nc6 3. Bc4 Bc5 4. O-O Nf6 5. d3 h6 6. Re1 O-O 7. c3 d6 8. d4
exd4 9. cxd4 Bb4 10. Nc3 Bxc3 11. bxc3 Bg4 12. Bb2 a6 13. h3 Bh5 14. e5 dxe5 15.
d5 Na5 16. Be2 Nxd5 17. Bd3 Nc6 18. Bc1 Nxc3 19. Qc2 Nb5 20. Nxe5 Ncd4 21. Qc4
c6 22. Ba3 Re8 23. g4 Bg6 24. Nxg6 Rxe1+ 25. Rxe1 Nf3+ 26. Kf1 Nxe1 27. Ne7+ Kh8
28. Kxe1 Nxa3 29. Qxf7 b5 30. Qg6 Qxe7+ 31. Kd1 Rd8 32. Qh7# 1-0

[Event "AUTO-ADV-4345"]
[Site "http://www.queenalice.com/game.php?id=1612619"]
[Date "2020.5.17"]
[Round "1"]
[White "jocachess"]
[Black "Canaye"]
[Result "0-1"]
[WhiteElo "1652"]
[BlackElo "1819"]

1. e4 e6 2. Nf3 d5 3. e5 c5 4. Nc3 Nc6 5. Bb5 Qb6 6. a4 Bd7 7. Na2 a5 8. O-O
Nge7 9. b3 g6 10. Bb2 Bg7 11. Re1 O-O 12. Nc3 Rac8 13. Qe2 Rfd8 14. Ba3 Nb4 15.
Bxd7 Rxd7 16. Qd1 d4 17. Ne4 Nbd5 18. Nd6 Rxd6 19. exd6 Qxd6 20. Nxd4 Bxd4 21.
c3 Bg7 22. Rb1 Be5 23. g3 Nf5 24. c4 Nb4 25. Bxb4 cxb4 26. Rc1 h5 27. f4 Bd4+
28. Kf1 Qc6 29. d3 Qh1+ 30. Ke2 Qxh2+ 31. Kf1 Qf2# 0-1

[Event "AUTO-ADV-4345"]
[Site "http://www.queenalice.com/game.php?id=1612620"]
[Date "2020.5.17"]
[Round "1"]
[White "Canaye"]
[Black "jocachess"]
[Result "1-0"]
[WhiteElo "1835"]
[BlackElo "1643"]

1. d4 Nf6 2. c4 g6 3. Nc3 d5 4. cxd5 Nxd5 5. e4 Nxc3 6. bxc3 Bg7 7. Bd3 O-O 8.
Ne2 Nc6 9. O-O e5 10. d5 Ne7 11. c4 c5 12. Rb1 b6 13. Bb2 Bg4 14. f3 Bc8 15. Bc2
Bb7 16. Nc3 a6 17. Na4 b5 18. Nxc5 Bc8 19. Nd3 Qa5 20. c5 Qxa2 21. Bb3 Qa5 22.
Ra1 Qc7 23. d6 Qd8 24. Bxe5 Bb7 25. Bxg7 Kxg7 26. dxe7 Qxe7 27. Rc1 Rac8 28. Nf4
Rcd8 29. Qc2 g5 30. Nd5 Qe5 31. Ne3 Rc8 32. Ng4 Qe8 33. Qc3+ f6 34. Rfe1 1-0

[Event "AUTO-ADV-4345"]
[Site "http://www.queenalice.com/game.php?id=1612621"]
[Date "2020.5.17"]
[Round "1"]
[White "jocachess"]
[Black "DanielAlvesGarciaSantosSilva"]
[Result "0-1"]
[WhiteElo "1658"]
[BlackElo "1911"]

1. e4 e5 2. Nf3 Nc6 3. Bc4 Bc5 4. O-O h6 5. c3 d6 6. d3 Bd7 7. a3 Nf6 8. b4 Bb6
9. a4 a6 10. a5 Ba7 11. Re1 Ng4 12. Nbd2 Bxf2+ 13. Kh1 Bxe1 14. Qxe1 Qe7 15. Qg3
g5 16. Nf1 O-O-O 17. Ne3 Nxe3 18. Bxe3 Be6 19. b5 axb5 20. Bxb5 Bd7 21. a6 b6
22. a7 Kb7 23. Qf2 Nxa7 24. Bxd7 Qxd7 25. Qa2 Ra8 26. Qb3 Nb5 27. Rb1 Ra5 28.
Nd2 Rha8 29. Nc4 Ra1 30. Nd2 Rxb1+ 31. Nxb1 Ra5 32. Qb2 c5 33. Nd2 Qg4 34. Nc4
Qd1+ 35. Bg1 Ra1 36. Qf2 Nxc3 37. Qxf7+ Ka6 38. Qf2 Ne2 39. h3 Nxg1 40. Kh2 Qb1
41. Nd2 Qxd3 42. Nf3 Nxf3+ 43. gxf3 Qb3 44. Qe2+ Ka7 45. Qg2 Ra2 0-1

[Event "AUTO-ADV-4345"]
[Site "http://www.queenalice.com/game.php?id=1612622"]
[Date "2020.5.17"]
[Round "1"]
[White "DanielAlvesGarciaSantosSilva"]
[Black "jocachess"]
[Result "1-0"]
[WhiteElo "1872"]
[BlackElo "1666"]

1. d4 Nf6 2. f3 d5 3. Bf4 Bf5 4. e3 Nc6 5. a3 g6 6. Nc3 a6 7. Nge2 Bg7 8. Ng3
Be6 9. Nge2 Nh5 10. Bg5 h6 11. Bh4 Qd6 12. g4 Nf6 13. Bg3 Qd7 14. Nf4 O-O 15.
Bd3 b5 16. b4 Nd8 17. Nce2 a5 18. bxa5 Rxa5 19. c3 Nc6 20. O-O Rfa8 21. Qc1 Qe8
22. Nxe6 fxe6 23. Qc2 Kh7 24. Nf4 e5 25. Bxg6+ 1-0